000 00244nam a2200097Ia 4500
001 650152
005 20250826154353.0
008 250824s9999 xx 000 0 und d
245 0 _aRuby Rogers Kime Bakıyorsun Öyle?
_cSue Limb
260 _bALTIN
999 _c650152
_d650152